[Event "AUTO-ADV-1361"]
[Site "http://www.queenalice.com/game.php?id=663764"]
[Date "2009.10.6"]
[Round "2"]
[White "Ustin"]
[Black "Marchess"]
[Result "1-0"]
[WhiteElo "2235"]
[BlackElo "1936"]

1. d4 d5 2. c4 e6 3. Nf3 Nf6 4. Nc3 Be7 5. e3 O-O 6. Bd3 dxc4 7. Bxc4 Nbd7 8.
O-O b6 9. e4 c5 10. d5 exd5 11. Bxd5 Nxd5 12. exd5 Bd6 13. Re1 Nf6 14. Bg5 Bb7
15. Ne4 h6 16. Bxf6 gxf6 17. Nh4 Bxd5 18. Qxd5 1-0

[Event "AUTO-ADV-1361"]
[Site "http://www.queenalice.com/game.php?id=663765"]
[Date "2009.10.6"]
[Round "2"]
[White "Marchess"]
[Black "Ustin"]
[Result "1-0"]
[WhiteElo "1932"]
[BlackElo "1991"]

1. e4 e5 2. Nf3 Nc6 3. Bb5 a6 4. Bxc6 dxc6 5. d4 exd4 6. Qxd4 Qxd4 7. Nxd4 Bd7
8. Bf4 O-O-O 9. O-O Bc5 10. c3 Nf6 11. Nb3 Bb6 12. N1d2 Rhe8 13. e5 Ng4 14. Nf3
f6 15. exf6 Re4 16. Bg3 Nxf6 17. Rfe1 1-0

[Event "AUTO-ADV-1361"]
[Site "http://www.queenalice.com/game.php?id=663768"]
[Date "2009.10.6"]
[Round "2"]
[White "Artking"]
[Black "Marchess"]
[Result "1-0"]
[WhiteElo "1513"]
[BlackElo "1868"]

1. Nf3 d5 2. c4 c6 3. d4 Nf6 4. Nc3 dxc4 5. a4 Bg4 6. Ne5 e6 7. Nxc4 Nbd7 8. f3
Bh5 9. e4 Nb6 10. Bg5 Be7 11. Ne5 Nfd7 12. Bxe7 Qxe7 13. a5 Nxe5 14. axb6 Nd7
15. Rxa7 Nxb6 16. Qa1 Rxa7 17. Qxa7 Nc8 18. Qa5 Bg6 19. Bd3 O-O 20. h4 h6 21.
Ne2 Nd6 22. Nf4 Bh7 23. g4 b5 24. Qa3 Qc7 25. g5 hxg5 26. hxg5 Nxe4 27. Rxh7
Nxg5 28. Rh8+ Kxh8 29. Qxf8# 1-0

[Event "AUTO-ADV-1361"]
[Site "http://www.queenalice.com/game.php?id=663769"]
[Date "2009.10.6"]
[Round "2"]
[White "Marchess"]
[Black "Artking"]
[Result "0-1"]
[WhiteElo "1870"]
[BlackElo "1755"]

1. e4 d5 2. exd5 Qxd5 3. Nc3 Qa5 4. d4 c6 5. Nf3 Bg4 6. Be2 Nf6 7. Bd2 Qc7 8. h3
Bxf3 9. Bxf3 g6 10. Bg5 Bg7 11. Qd2 Nbd7 12. O-O-O a5 13. Kb1 a4 14. a3 Nb6 15.
Rhe1 e6 16. Re2 Nc4 17. Qc1 Qb6 18. Ka1 h6 19. Bf4 g5 20. Bg3 Nd5 21. Nxd5 cxd5
22. c3 Ra5 23. Be5 f6 24. Bg3 Kd7 25. h4 Rb5 26. hxg5 hxg5 27. Rde1 Re8 28. Bh5
Re7 29. Bg6 Na5 30. Bc2 Rb3 31. Ka2 g4 32. Bxb3 axb3+ 33. Kb1 Nc4 34. f4 gxf3
35. gxf3 Qa6 36. f4 Nd6 37. Rh1 Qxe2 0-1

[Event "AUTO-ADV-1398"]
[Site "http://www.queenalice.com/game.php?id=677541"]
[Date "2009.11.4"]
[Round "2"]
[White "ezequiel_2001"]
[Black "Marchess"]
[Result "1-0"]
[WhiteElo "1946"]
[BlackElo "1916"]

1. d4 d5 2. c3 Nf6 3. g3 e6 4. Bg2 c5 5. Nf3 Nc6 6. O-O b6 7. Bg5 cxd4 8. Nxd4
Nxd4 9. Qxd4 Be7 10. Nd2 h6 11. Bxf6 Bxf6 12. Qb4 Bb7 13. Qb5+ Qd7 14. Qxd7+
Kxd7 15. Nb3 Rac8 16. e3 Rc7 17. Nd4 Bxd4 18. exd4 Rhc8 19. Rfe1 a5 20. a4 Ba6
21. Re3 Bc4 22. f4 Bb3 23. Ra3 1-0

[Event "AUTO-ADV-1398"]
[Site "http://www.queenalice.com/game.php?id=677542"]
[Date "2009.11.4"]
[Round "2"]
[White "Marchess"]
[Black "ezequiel_2001"]
[Result "0-1"]
[WhiteElo "1901"]
[BlackElo "1961"]

1. e4 c5 2. Nf3 d6 3. d4 cxd4 4. Nxd4 Nf6 5. Nc3 a6 6. Be3 e5 7. Nb3 Be6 8. f3
Be7 9. Qd2 Bxb3 10. axb3 O-O 11. Be2 Nc6 12. Rd1 Qc7 13. Bg5 Nh5 14. Bxe7 Qxe7
15. Nd5 Qh4+ 16. Kf1 Nf4 17. Nxf4 exf4 18. Qxd6 Rad8 19. Qc7 Rxd1+ 20. Bxd1 Rd8
21. Be2 Nb4 22. Qc3 Na2 0-1

[Event "AUTO-ADV-1398"]
[Site "http://www.queenalice.com/game.php?id=677547"]
[Date "2009.11.4"]
[Round "2"]
[White "jck2"]
[Black "Marchess"]
[Result "1-0"]
[WhiteElo "2113"]
[BlackElo "1950"]

1. Nf3 Nf6 2. c4 g6 3. d4 Bg7 4. Nc3 O-O 5. e4 d6 6. Be3 Bg4 7. Be2 Nbd7 8. O-O
e5 9. d5 c5 10. dxc6 bxc6 11. Ng5 Bxe2 12. Qxe2 Qc7 13. b3 a6 14. Rfd1 Rfd8 15.
Qf3 Nf8 16. Qh3 Qa5 17. Ne2 d5 18. exd5 cxd5 19. cxd5 Rxd5 20. Rxd5 Qxd5 21. Nc3
Qa5 22. Rc1 Nd5 23. Qf3 Nxc3 24. Qxf7+ Kh8 25. Qc4 Nxa2 26. Nf7+ Kg8 27. Nh6+
1-0

[Event "AUTO-ADV-1398"]
[Site "http://www.queenalice.com/game.php?id=677548"]
[Date "2009.11.4"]
[Round "2"]
[White "Marchess"]
[Black "jck2"]
[Result "0-1"]
[WhiteElo "1941"]
[BlackElo "2120"]

1. e4 c6 2. d4 d5 3. e5 Bf5 4. Bd3 Bxd3 5. Qxd3 e6 6. Be3 Nd7 7. Nf3 Ne7 8. Nbd2
Nf5 9. O-O a6 10. Rad1 Be7 11. c3 Qa5 12. a3 c5 13. dxc5 Nxc5 14. Bxc5 Qxc5 15.
Nb3 Qc4 16. Qc2 O-O 17. Nbd4 Nxd4 18. Nxd4 h6 19. f4 Bc5 20. f5 exf5 21. Qxf5
Qe2 22. Kh1 Bxd4 23. cxd4 Qxb2 24. e6 fxe6 25. Qxe6+ Kh8 26. Qxd5 Rad8 27. Qe4
Rxf1+ 28. Rxf1 Qxa3 29. Qxb7 Qd3 30. Ra1 Rxd4 31. Qxa6 Qxa6 0-1

[Event "AUTO-ADV-1554"]
[Site "http://www.queenalice.com/game.php?id=689449"]
[Date "2009.11.27"]
[Round "1"]
[White "diego2907"]
[Black "Marchess"]
[Result "1-0"]
[WhiteElo "1887"]
[BlackElo "1870"]

1. e4 c6 2. Bc4 d5 3. exd5 cxd5 4. Bb5+ Bd7 5. Bxd7+ Qxd7 6. d4 e6 7. a3 Nf6 8.
Nf3 Nc6 9. Bg5 Be7 10. Bxf6 Bxf6 11. Nc3 1-0

[Event "AUTO-ADV-1554"]
[Site "http://www.queenalice.com/game.php?id=689450"]
[Date "2009.11.27"]
[Round "1"]
[White "Marchess"]
[Black "diego2907"]
[Result "0-1"]
[WhiteElo "1887"]
[BlackElo "1870"]

1. e4 e5 2. Nf3 d6 3. Bc4 Bg4 4. Nc3 Bxf3 5. Qxf3 Nf6 6. d3 a6 7. Bg5 Be7 8.
O-O-O h6 9. Bh4 g5 10. Bg3 h5 11. h4 g4 12. Qf5 Nbd7 13. f4 exf4 0-1